Joueurs de foot néerlandais - Statistiques

Statistiques générales
  • Ce quiz a été pris 96 fois
  • Le résultat moyen est 22 sur 30
Statistiques - réponses
Par images Réponse % Correct
Cruyff
98%
Robben
98%
Van Persie
95%
Gullit
93%
Kluivert
92%
Van Dijk
92%
Depay
90%
Van der Sar
89%
Davids
85%
De Jong
85%
Van Basten
85%
Xavi Simons
83%
Sneijder
81%
Bergkamp
79%
Dumfries
79%
De Ligt
76%
Wijnaldum
76%
Gakpo
75%
Van Nistelrooy
75%
Blind
68%
Rijkaard
65%
Seedorf
61%
Stam
60%
Cillessen
57%
Huntelaar
54%
Kuyt
50%
Van Bommel
49%
Overmars
46%
Van der Vaart
38%
Cocu
20%
Aucun quiz correspondant
Distribution des résultats
% des personnes avec chaque résultat
Percentile par nombre de réponses
Votre historique - résultats
Vous n’avez pas pris ce quiz